Statistiques concernant Personnages de Blue Lock

Cliquez ici pour prendre le quiz!

Statistiques générales

  • Ce quiz a été pris 96 fois
  • Le résultat moyen est 23 sur 33

Statistiques - réponses

HintRéponse% Correct
Personnage Principale
Membre de l'équipe Z
Joueur de Bastard Munchen
Meta Vision
Isagi Yoichi
99%
Membre de l'équipe V
Joueur de Manshine City
Nagi Seishiro
95%
Membre de l'équipe Z
Joueur du FC Barcha
Bachira Meguru
92%
Membre de l'équipe X
Le Roi
Joueur des Ubers
Baro Shoei
91%
Membre de l'équipe V
Caméléon
Meta Vision
Joueur de Manshine City
Mikage Reo
91%
1er de Blue Lock
Frère du génie du Japon
Joueur de Paris X Gen
Itoshi Rin
90%
Membre de l'équipe Z
Panther Rouge
Joueur de Manshine City
Chigiri Hyoma
87%
Membre de l'équipe Z
Eliminé à la 1ere Sélection
Joueur de Bastard Munchen
Kunigami Rensuke
83%
Membre de l'équipe U20 du Japon
Genie du Japon
Meta Vision
Itsohi Sae
81%
Membre de l'équipe Z
Gardien
Joueur de Bastard Munchen
Gagamaru Gin
78%
Directeur Général de Blue LockEgo Jinpachi
77%
2ème de Blue Lock après la 2ème Sélection
Membre de l'équipe U20 du Japon
Joueur de Paris X Gen
Shido Ryusei
77%
Joueur de Bastard Munchen
Prodige Allemand
Meta Vision
XI du Monde de la Nouvelle Génération
Michael Kaiser
74%
Membre de l'équipe Y
Meta Vision
Joueur des Ubers
Niko Ikki
74%
Joueur de Bastard Munchen
Meilleur Buteur du Monde
Maitre pendant la Ligue Néo Egoïste
Noel Noa
74%
Joueur de Paris X Gen
Prodige Français
Maitre pendant la Ligue Néo Egoïste
Julian Loki
69%
Joueur de Manshine City
2ème Meilleur Buteur du Monde
Maitre pendant la Ligue Néo Egoïste
Chris Prince
67%
Ancien Capitaine de l'équipe U20 du Japon
Meta Vision
Joueur des Ubers
Oliver Aiku
65%
Membre de l'équipe Z
Joueur de Bastard Munchen
Raichi Jingo
65%
Joueur de Bastard MunchenAlexis Ness
64%
Joueur des Ubers
Prodige Italien
XI du Monde de la Nouvelle Génération
Don Lorenzo
64%
27ème de Blue Lock après la 2ème Sélection
Meta Vision
Joueur de Bastard Munchen
Hiori Yo
64%
Membre de l'équipe V
Joueur de Paris X Gen
Tsurugi Zantetsu
64%
2ème de Blue Lock à la 2ème Sélection
Joueur des Ubers
Aryu Jyubei
62%
Directrice de Blue Lock
Membre de l'Association de Foot Japonaise
Teieri Anri
60%
4ème de Blue Lock après la 2ème Sélection
Joueur du FC Barcha
Otoya Eita
59%
3ème de Blue Lock après la 2ème Sélection
Joueur de Paris X Gen
Karasu Tabito
58%
3ème de Blue Lock à la 2ème Sélection
Joueur de Paris X Gen
Tokimitsu Aoshi
58%
5ème de Blue Lock après la 2ème Sélection
Joueur de Bastard Munchen
Yukimiya Kenyu
56%
Joueur des Ubers
Meta Vision
Maitre pendant la Ligue Néo Egoïste
Marc Snuffy
55%
Joueur du FC Barcha
Maitre pendant la Ligue Néo Egoïste
Lavinho
51%
Membre de l'équipe U20 du Japon
Joueur des Ubers
Sendo Shuto
45%
Membre de l'équipe W
Joueur de Manshine City
Wanima Junichi
44%

Distribution des résultats

Percentile par nombre de réponses

% des personnes avec chaque résultat

Votre développement - résultats

Vous n’avez pas pris ce quiz